000 01157cam a2200289 a 4500
001 13736292
005 20050824130416.0
008 040930s2006 ohua b 001 0 eng
010 _a 2004114423
020 _a0324319789 (hbk.)
040 _aDLC
_cDLC
_dDLC
050 0 0 _aHF5549
_b.H3382 2006
082 0 0 _a658.3
_222
_bWAR
100 1 _aWerner, Jon M.
_94227
245 1 0 _aHuman resource development /
_cJon M. Werner, Randy L. DeSimone.
250 _a4th ed.
260 _aMason OH :
_bThomson South-Western,
_cc2006.
300 _axxiii, 695 p. :
_bill. ;
_c24 cm.
500 _aDeSimone's name appears first on earlier ed.
504 _aIncludes bibliographical references and index.
650 0 _aPersonnel management.
_94228
650 0 _aCareer development.
_94229
700 1 _aDeSimone, Randy L.
_94230
942 _2ddc
_cBB
999 _c11423
_d11423